000 00306nam a2200133Ia 4500
008 150301s2006 xx 000 0 und d
082 _a646.7
_bVIK
100 _aVIKAS KUMAR
245 _aFOOD PRODUCTION MANAGEMENT
250 _a1ST
260 _bAMAN PUB. DELHI
_c2006
300 _a269
942 _2ddc
_cBK
999 _c7008
_d7008